000 00561nam a2200169 a 4500
001 000022871
005 20200930021840.0
008 101119s1971 ag r 000 | spa d
040 _aDO-SdBNP
_bspa
_cBNPHU
082 _axxx
_bD486n
100 1 _aDeutsch, Karl W.
_947001
245 1 3 _aEl nacionalismo y sus alternativas /
_cKarl W. Deutsch ; traducción de Carlos R. Luis.
534 _aTítulo original :
_tNationalism and its alternatives
700 1 _aLuis, Carlos R.
_947002
830 0 _aNationalism and its alternatives
_lespañol
_947003
049 _aBNGR
999 _c22368
_d22368